Bosenská kríza?
Neúspešné pokusy o jednotnú identitu v Bosne a Hercegovine. Srbský nacionalizmus a vstup Slobodana Miloševiča na politickú scénu. Vypuknutie vojny v roku 1992. Mierové jednania v Daytone 1. novembra 1995 - Daytonská mierová zmluva. Ukončenie vojny, avšak vznik rozpoltenej krajiny. Nutnosť revízie ú...
Gespeichert in:
| 1. Verfasser: | |
|---|---|
| Format: | Buchkapitel |
| Sprache: | Slowakisch |
| Schlagworte: | |
| Tags: |
Keine Tags, Fügen Sie das erste Tag hinzu!
|
MARC
| LEADER | 00000naa a2200000 4500 | ||
|---|---|---|---|
| 001 | 0117952 | ||
| 005 | 20231016094152.6 | ||
| 041 | 0 | |a slo | |
| 044 | |a CZ | ||
| 245 | 1 | 0 | |a Bosenská kríza? |c Zuzana Legáthová |
| 520 | |a Neúspešné pokusy o jednotnú identitu v Bosne a Hercegovine. Srbský nacionalizmus a vstup Slobodana Miloševiča na politickú scénu. Vypuknutie vojny v roku 1992. Mierové jednania v Daytone 1. novembra 1995 - Daytonská mierová zmluva. Ukončenie vojny, avšak vznik rozpoltenej krajiny. Nutnosť revízie ústavy. | ||
| 610 | 2 | 0 | |a politika vnútorná |
| 610 | 2 | 0 | |a politika medzinárodná |
| 610 | 2 | 0 | |a národ |
| 610 | 2 | 0 | |a konflikty etnické |
| 610 | 2 | 0 | |a vojny |
| 610 | 2 | 0 | |a dohody medzinárodné |
| 610 | 2 | 0 | |a ústava |
| 610 | 2 | 0 | |a Bosna a Hercegovina |
| 100 | 1 | |a Legáthová, Zuzana | |